000 01309nam a2200289Ia 4500
005 20220316235408.0
008 121119s1995 sp ao gr 000 j spa
020 _a8476584741
041 0 _aspa
100 1 _aMartí, José,
_d1853-1895
245 1 0 _aCuentos completos
_bla edad de oro y otros relatos
_cJosé Martí ; edición de Ángel Esteban
250 _aPrimera edición
264 1 _aBarcelona
_bAnthropos
_c1995
300 _a236 páginas
_bilustraciones y fotografías
_c18 cm
336 _atexto
_btxt
_2rdacontent
337 _asin mediación
_bn
_2rdamedia
338 _avolumen
_bnc
_2rdacarrier
490 0 _aBiblioteca A : clásicos
520 2 _aLa narrativa corta de José Martí es uno de los aspectos más completos de su trayectoria literaria, por la calidad de su prosa y la variedad de sus temas. Fruto del trabajo intenso de varios meses, La Edad de Oro, concebida en un principio como revista mensual y publicada más tarde como libro de cuentos, es uno de los documentos martianos mejor elaborados.
650 1 4 _2LEMB
_aLiteratura cubana
_ySiglo XIX
650 1 4 _2LEMB
_aCuentos cubanos
_ySiglo XIX
650 1 4 _2LEMB
_aArchivo histórico
700 1 _aEsteban, Angel
_d1963-
_eeditor
_9118413
942 _2loc
_cBKLIT
040 _aCO-BoRNBP
_bspa
_erda
_cCO-BoRNBP
084 _aC MAR5
999 _c826
_d826